[Event "Match"]
[Site "www.echecsemail.com"]
[Date "2015.03.18"]
[Round "1"]
[White "Generalfree"]
[Black "Harrytheking"]
[WhiteElo "1780"]
[BlackElo "1730"]
[Result "1-0"]
[Round "1"]
1.e4 b6
2.d4 Bc8a6
3.c4 e6
4.Bc1d2 h6
5.b3 Ng8e7
6.Nb1c3 Ne7g6
7.g3 c6
8.Bf1g2 Bf8a3
9.f4 d6
10.Ng1f3 Nb8d7
11.O-O O-O
12.h4 d5
13.h5 Ng6e7
14.Qd1e2 dxe4
15.Qe2xe4 Nd7f6
16.Qe4d3 Nf6g4
17.Bg2h3 f5
18.Bh3xg4 fxg4
19.Nf3e5 Ne7f5
20.Ne5xc6 Qd8f6
21.Nc3e4 Qf6f7
22.Bd2b4 Ba3xb4
23.Nc6xb4 Ba6b7
24.c5 bxc5
25.Ne4xc5 Bb7c8
26.Qd3e4 Ra8b8
27.Nb4c6 Rb8b6
28.Nc6xa7 Nf5xg3
29.Qe4e5 Ng3xf1
30.Na7xc8 Rf8xc8
31.Ra1xf1 Rc8d8
32.f5 Qf7xh5
33.Nc5xe6 Rd8e8
34.Qe5xg7 
1-0

[Event "Match"]
[Site "www.echecsemail.com"]
[Date "2015.03.18"]
[Round "1"]
[White "Kesalon"]
[Black "Drdoom"]
[WhiteElo "1830"]
[BlackElo "1770"]
[Result "1-0"]
[Round "1"]
1.e4 e5
2.Ng1f3 d6
3.d4 exd4
4.Nf3xd4 c5
5.Bf1b5 Bc8d7
6.Bb5xd7 Qd8xd7
7.Nd4f3 Nb8c6
8.Nb1c3 Ra8d8
9.Bc1f4 Qd7c8
10.O-O Ng8f6
11.Rf1e1 Bf8e7
12.Qd1e2 O-O
13.Ra1d1 Rf8e8
14.h3 Qc8c7
15.e5 dxe5
16.Nf3xe5 Rd8xd1
17.Nc3xd1 Be7d6
18.Nd1c3 Nf6d7
19.Nc3b5 Nc6d4
20.Nb5xc7 Nd4xe2
21.Re1xe2 Re8e7
22.Nc7d5 Re7e6
23.Ne5xd7 Re6xe2
24.Bf4xd6 Re2xc2
25.Bd6xc5 Rc2xb2
26.a3 Rb2d2
27.Nd5e7 Kh8
28.Nd7e5 Rd2e2
29.Ne5xf7 { resign }
1-0

[Event "Match"]
[Site "www.echecsemail.com"]
[Date "2015.03.18"]
[Round "1"]
[White "Nestor"]
[Black "Stevep84"]
[WhiteElo "2040"]
[BlackElo "2120"]
[Result "1-0"]
[Round "1"]
1.e4 c6
2.Nb1c3 d5
3.d4 dxe4
4.f3 exf3
5.Ng1xf3 Bc8g4
6.h3 Bg4h5
7.Bf1c4 e6
8.O-O Ng8f6
9.Qd1d3 Bf8d6
10.Bc1g5 h6
11.Bg5h4 Nb8d7
12.Nc3e4 Bd6e7
13.Ne4xf6 Be7xf6
14.Bh4xf6 Nd7xf6
15.Nf3e5 Nf6d5
16.g4 Qd8g5
17.h4 Qg5xh4
18.gxh5 Qh4g5
19.Kf2 Nd5f4
20.Qd3f3 O-O
21.Rf1g1 Qg5h4
22.Ke3 Nf4d5
23.Ke2 Qh4xd4
24.Qf3g3 Nd5f4
25.Kf3 Qd4xe5
26.Qg3xf4 Qe5xh5
27.Qf4g4 Qh5e5
28.Ra1e1 Qe5xb2
29.Re1e3 Qb2f6
30.Ke2 Ra8d8
31.Re3g3 g6
32.Qg4e4 Kg7
33.c3 Rd8d6
34.Bc4d3 Qf6f5
35.Qe4e3 Qf5h5
36.Kf2 e5
37.Rg3h3 Qh5xh3
38.Qe3xh3 Rf8d8
39.Bd3e2 f5
40.Qh3e3 e4
41.Rg1b1 b6
42.Rb1h1 g5
43.c4 c5
44.Qe3a3 Rd8d7
45.Qa3b2 Rd6d4
46.Rh1d1 Kg6
47.Rd1xd4 Rd7xd4
48.Qb2a3 Rd4d7
49.Qa3a4 Rd7e7
50.Qa4c6 Kh7
51.Be2h5 Re7g7
52.Qc6e6 f4
53.Qe6xe4 Kh8
54.Bh5g6 a6
55.Qe4e8 Rg7g8
56.Qe8f7 Rg8g7
57.Qf7f8 { resign }
1-0

[Event "Match"]
[Site "www.echecsemail.com"]
[Date "2015.03.18"]
[Round "1"]
[White "Hugol"]
[Black "Generalfree"]
[WhiteElo "1960"]
[BlackElo "1770"]
[Result "1-0"]
[Round "1"]
1.e4 e5
2.Ng1f3 Nb8c6
3.Bf1b5 Ng8e7
4.O-O d6
5.Nb1c3 a6
6.Bb5a4 Bc8d7
7.d3 h6
8.Rf1e1 b5
9.Ba4b3 g5
10.Nc3d5 Ne7xd5
11.Bb3xd5 Bf8e7
12.d4 Ra8b8
13.Bd5xc6 Bd7xc6
14.dxe5 dxe5
15.Nf3xe5 Qd8xd1
16.Re1xd1 Bc6xe4
17.Rd1e1 Be4b7
18.Bc1d2 Rb8d8
19.Bd2a5 Rd8c8
20.Ra1d1 c5
21.Rd1d7 Rc8b8
22.Rd7c7 h5
23.Ne5xf7 Kxf7
24.Re1xe7 Kf6
25.Ba5c3 { resign }
1-0

[Event "Match"]
[Site "www.echecsemail.com"]
[Date "2015.03.18"]
[Round "1"]
[White "Generalfree"]
[Black "Whitekknight"]
[WhiteElo "1850"]
[BlackElo "1830"]
[Result "1/2-1/2"]
[Round "1"]
1.e4 e5
2.Ng1f3 d6
3.Bf1c4 h6
4.Nb1c3 Ng8f6
5.d4 exd4
6.Nf3xd4 c5
7.Nd4b3 Nb8c6
8.h3 Bf8e7
9.g4 g5
10.f3 a6
11.Nc3d5 Nc6e5
12.Nd5xf6 Be7xf6
13.Bc4d5 O-O
14.a3 Ra8b8
15.O-O Qd8d7
16.f4 Ne5g6
17.fxg5 Bf6xg5
18.Bc1xg5 hxg5
19.Rf1f5 Qd7d8
20.Rf5f2 Qd8e7
21.Qd1f1 { draw }
1/2-1/2

[Event "Match"]
[Site "www.echecsemail.com"]
[Date "2015.03.18"]
[Round "1"]
[White "Reanna"]
[Black "Delacey"]
[WhiteElo "1650"]
[BlackElo "1780"]
[Result "0-1"]
[Round "1"]
1.c4 e5
2.e4 Ng8f6
3.Nb1c3 Bf8b4
4.Bf1d3 Bb4xc3
5.dxc3 O-O
6.Ng1f3 d6
7.O-O Bc8g4
8.Qd1e2 Nb8d7
9.Bc1g5 Qd8e8
10.h3 Bg4h5
11.Qe2e3 Qe8e6
12.Nf3h4 Ra8e8
13.Nh4f5 Bh5g6
14.Bg5h6 gxh6
15.Nf5xh6 Kh8
16.f4 exf4
17.Rf1xf4 Bg6xe4
18.Bd3xe4 Nf6xe4
19.Qe3d4 Ne4f6
20.Ra1f1 c5
21.Qd4d2 Qe6e3
22.Qd2f2 Qe3xf2
23.Rf1xf2 Re8e1
24.Kh2 Kg7
25.Nh6f5 Kh8
26.Nf5xd6 b6
27.g4 h6
28.Nd6f5 Nf6e4
29.Rf2g2 Nd7f6
30.Nf5xh6 a5
31.g5 Nf6h7
32.Nh6xf7 Rf8xf7
33.Rf4xf7 Nh7xg5
34.Rf7f4 Ng5h7
35.Rf4h4 Ne4f6
36.Rg2d2 Kg7
37.Rd2g2 Kf7
38.Rg2f2 Kg6
39.Rf2d2 Nh7g5
40.Rd2g2 Kf5
41.Rg2f2 Kg6
42.b3 Re1e3
43.b4 Re3xc3
44.bxc5 Ng5f3
45.Kg3 Nf3xh4
46.Kxh4 Rc3xc4
47.Kg3 Rc4xc5
48.a4 Nf6e4
49.Kg2 Ne4xf2
50.Kxf2 Rc5c4
51.Kg3 Rc4xa4
52.h4 Kh5
{ resign }
0-1

[Event "Match"]
[Site "www.echecsemail.com"]
[Date "2015.03.18"]
[Round "1"]
[White "Lop"]
[Black "Bartos33"]
[WhiteElo "1499"]
[BlackElo "1499"]
[Result "1-0"]
[Round "1"]
1.d4 d5
2.e4 Ng8f6
3.Nb1c3 e6
4.Bf1b5 Bc8d7
5.Ng1f3 a6
6.Bb5a4 b5
7.Ba4b3 Bf8b4
8.Qd1d3 dxe4
9.Qd3e3 exf3
10.Qe3xf3 Bd7c6
11.Qf3d3 Nf6e4
12.Qd3e3 O-O
13.f3 e5
14.d5 Bc6xd5
15.Bb3xd5 Qd8xd5
16.Bc1d2 Ne4xc3
17.Bd2xc3 Nb8c6
18.g4 Rf8e8
19.Ra1d1 Nc6d4
20.a3 Bb4a5
21.Bc3xa5 Nd4xc2
22.Kf2 Nc2xe3
23.Kxe3 Qd5b3
24.Kf2 Qb3xb2
25.Kf1  { time }
1-0

[Event "Match"]
[Site "www.echecsemail.com"]
[Date "2015.03.18"]
[Round "1"]
[White "Canario"]
[Black "Kesalon"]
[WhiteElo "1660"]
[BlackElo "999"]
[Result "0-1"]
[Round "1"]
1.e4 c5
2.Ng1f3 d6
3.Nb1c3 Ng8f6
4.d4 cxd4
5.Qd1xd4 Nb8c6
6.Bf1b5 Bc8d7
7.Bb5xc6 Bd7xc6
8.Bc1g5 e5
9.Qd4d3 Bf8e7
10.O-O-O Qd8c7
11.Bg5xf6 gxf6
12.Nc3d5 Bc6xd5
13.Qd3xd5 Rh8g8
14.g3 Ra8c8
15.c3 Qc7b6
16.Nf3d2 Rc8c6
17.Nd2b3 Qb6xf2
18.Rd1d2 Qf2e3
19.Nb3a5 Rc6c5
20.Na5c4 Qe3f3
21.Rh1d1 Rc5xd5
22.Rd2xd5 Qf3xe4
23.Nc4a5 b6
24.Na5b7 Kf8
25.Nb7xd6 Be7xd6
26.Rd5xd6 Kg7
27.Rd6d7 a5
28.Rd7d2 Rg8c8
29.Rd2d3 b5
30.a3 b4
31.Kd2 bxc3
32.bxc3 Qe4g2
33.Kc1 Qg2xh2
34.Rd1d2 Qh2h6
35.Kc2 Qh6g6
36.Rd2g2 Rc8d8
37.Rg2d2 Rd8xd3
38.Rd2xd3 Qg6g4
39.Kb3 a4
40.Kc2 h5
41.Kd2 Qg4c4
42.Ke3 Qc4b3
43.Ke4 Qb3xa3
44.c4 Qa3b4
45.Kd5 a3
{ resign }
0-1

[Event "Eq:chibcha-Equipo Juan Diaz : "]
[Site "www.chess-mail.com"]
[Date "2015.03.18"]
[Round "1"]
[White "Ecijaajedrez"]
[Black "Tbsundar"]
[WhiteElo "2590"]
[BlackElo "2140"]
[Result "1-0"]
[Round "1"]
1.d4 d5
2.c4 c6
3.Nb1c3 e6
4.cxd5 exd5
5.Ng1f3 Ng8f6
6.Bc1g5 Bf8e7
7.e3 O-O
8.Bf1d3 Bc8g4
9.Qd1c2  { time }
1-0

[Event "Fast Game"]
[Site "www.echecsemail.com"]
[Date "2015.03.18"]
[Round "1"]
[White "Korto"]
[Black "Chessmith19"]
[WhiteElo "2010"]
[BlackElo "2160"]
[Result "1-0"]
[Round "1"]
1.d4 Ng8f6
2.Ng1f3 e6
3.c4 Bf8b4
4.Bc1d2 Bb4xd2
5.Nb1xd2 O-O
6.e3 d6
7.Bf1d3 c5
8.O-O Qd8e7
9.Qd1c2 Nb8d7
10.Rf1e1 Rf8d8
11.a4 b6
12.a5 Bc8b7
13.e4 cxd4
14.Nf3xd4 Ra8c8
15.Nd4b5 a6
16.Nb5c3 bxa5
17.Nd2b3 Nd7e5
18.Nb3xa5 Bb7a8
19.b3 Qe7c7
20.h3 h6
21.b4 Rc8b8
22.Ra1b1 d5
23.cxd5 Rb8c8
24.Re1c1 Qc7d6
25.Qc2e2 exd5
26.Bd3xa6 Rc8b8
27.exd5 Nf6xd5
28.Nc3xd5 Qd6xd5
29.f3 Rd8d6
30.Rc1c8 Rb8xc8
31.Ba6xc8 Qd5d4
32.Kf1 Qd4f4
33.Rb1e1 Ne5xf3
34.gxf3 Ba8xf3
35.Qe2e3 Qf4f6
36.Qe3f2 Qf6g5
37.Qf2xf3 Rd6f6
38.Bc8b7 Rf6xf3
39.Bb7xf3 Qg5f4
40.Kg2 Qf4xb4
41.Re1e8 Kh7
42.Na5c6 Qb4d2
43.Kg3 Qd2g5
44.Kf2 h5
45.Nc6e5 Qg5f4
46.Ke2 Qf4a4
47.Re8e7 Qa4c2
48.Ke1 f6
49.Ne5c6 Kh6
50.Re7e2 Qc2f5
51.Bf3g2 Qf5c5
52.Kd2 g5
53.Re2e6 Qc5f2
54.Re6e2 Qf2b6
55.Kd3 Qb6b3
56.Kd2 Qb3b4
57.Nc6xb4 { resign }
1-0

[Event "Fast Game"]
[Site "www.echecsemail.com"]
[Date "2015.03.18"]
[Round "1"]
[White "Nugun"]
[Black "Tomasseeber"]
[WhiteElo "1599"]
[BlackElo "1659"]
[Result "0-1"]
[Round "1"]
1.c4 Ng8f6
2.g3 d5
3.cxd5 Nf6xd5
4.Bf1g2 Bc8e6
5.Nb1c3 Nb8c6
6.e3 g6
7.Ng1e2 Bf8g7
8.a3 O-O
9.h3 Nd5xc3
10.bxc3 Qd8d7
11.d4 Nc6a5
12.Ra1b1 c6
13.O-O Be6xh3
14.Ne2f4 Bh3xg2
15.Nf4xg2 Rf8d8
16.e4 f5
17.f3 e5
18.f4 exf4
19.Ng2xf4 fxe4
20.Qd1e2 Rd8e8
21.c4 e3
22.Rf1e1 Bg7xd4
23.Re1d1 c5
24.Rb1b5 b6
25.Bc1xe3 Re8xe3
26.Rd1xd4 Qd7xd4
27.Qe2f2 Na5xc4
28.Rb5b3 Re3xb3
29.Nf4e6 Rb3xg3
30.Kf1 Qd4d1
31.Qf2e1 Qd1f3
32.Qe1f2 Nc4e3
33.Ke1 Qf3d1

0-1

[Event "Fast Game"]
[Site "www.echecsemail.com"]
[Date "2015.03.18"]
[Round "1"]
[White "Tomasseeber"]
[Black "Azulmarino"]
[WhiteElo "1559"]
[BlackElo "1469"]
[Result "1-0"]
[Round "1"]
1.Ng1f3 d5
2.h3 Bc8f5
3.c4 Ng8f6
4.Qd1b3 b6
5.e3 Bf5e4
6.Nb1c3 Nb8c6
7.cxd5 Be4xd5
8.Nc3xd5 Nf6xd5
9.Bf1c4 e6
10.Bc4b5 Qd8d6
11.Qb3c4 Qd6c5
12.Bb5xc6 Kd8
13.Qc4xc5 Bf8xc5
14.Bc6xa8 Nd5b4
15.Ba8e4 f5
16.Be4b1 Kc8
17.b3 Kb8
18.Bc1b2 Rh8g8
19.Ke2 g6
20.a3 Nb4c6
21.b4 Bc5d6
22.Bb1a2 Rg8e8
23.Ra1c1 Nc6e7
24.Ba2xe6 Ne7c8
25.Nf3d4 c5
26.Be6d7 { resign }
1-0

[Event "Tourn. n8081"]
[Site "www.chess-mail.com"]
[Date "2015.03.19"]
[Round "1"]
[White "Karkaskat"]
[Black "Arb"]
[WhiteElo "2450"]
[BlackElo "2720"]
[Result "0-1"]
[Round "1"]
1.e4 e5
2.Ng1f3 Nb8c6
3.Bf1c4 Bf8c5
4.c3 Ng8f6
5.d3 a6
6.O-O d6
7.Bc4b3 O-O
8.h3 h6
9.Nb1d2 Bc5a7
10.Rf1e1 Nf6h5
11.Nd2f1 Qd8f6
12.Bc1e3 Nh5f4
13.Nf1g3 g6
14.Be3xa7 Ra8xa7
15.Kh2 Nc6a5
16.Bb3c2 c5
17.Ng3e2 Nf4xh3
18.gxh3 Qf6xf3
19.Ne2g3 Qf3xf2
{ resign }
0-1

[Event "Tourn. n8008"]
[Site "www.chess-mail.com"]
[Date "2015.03.19"]
[Round "1"]
[White "Cardiff"]
[Black "Comrade"]
[WhiteElo "2020"]
[BlackElo "2170"]
[Result "1/2-1/2"]
[Round "1"]
1.d4 d5
2.Nb1c3 Ng8f6
3.Ng1f3 h6
4.g3 e6
5.Bf1g2 c5
6.O-O cxd4
7.Nf3xd4 Bf8c5
8.Nd4b3 b6
9.Nb3xc5 bxc5
10.b3 Bc8b7
11.Bc1b2 Nb8d7
12.e3 O-O
13.Nc3e2 Qd8c7
14.Ne2f4 Ra8d8
15.Qd1e2 Rf8e8
16.Rf1d1 e5
17.Nf4xd5 Nf6xd5
18.Bg2xd5 Bb7xd5
19.Rd1xd5 Nd7b6
20.Rd5xd8 Re8xd8
21.Ra1d1 f6
22.Rd1xd8 Qc7xd8
23.c4 Qd8d6
24.Bb2c3 g6
25.Bc3a5 f5
26.Ba5xb6 axb6
27.Qe2c2 e4
28.Qc2c3 { draw }
1/2-1/2

[Event "Tourn. n8063"]
[Site "www.chess-mail.com"]
[Date "2015.03.19"]
[Round "1"]
[White "Gorgo"]
[Black "Comrade"]
[WhiteElo "2009"]
[BlackElo "2170"]
[Result "1-0"]
[Round "1"]
1.c4 Ng8f6
2.Nb1c3 g6
3.e4 d6
4.d4 Bf8g7
5.Ng1f3 O-O
6.Bf1e2 c6
7.O-O Bc8d7
8.h3 e6
9.Bc1f4 Nf6e8
10.Qd1b3 c5
11.dxc5 dxc5
12.Qb3xb7 Bd7c6
13.Qb7b3 Nb8d7
14.Rf1d1 Ne8f6
15.Nf3e5 Qd8c8
16.Ne5xc6 Qc8xc6
17.e5 Nf6h5
18.Rd1d6 Qc6c8
19.Be2xh5 gxh5
20.Ra1e1 Ra8b8
21.Qb3d1 Rf8d8
22.Qd1xh5 Rb8b6
23.Nc3e4 Nd7f8
24.Ne4f6 Bg7xf6
25.exf6 e5
26.Qh5g5 Nf8g6
27.Qg5h6 Rd8xd6
28.Qh6g7 
1-0

[Event "Tourn. n8100"]
[Site "www.chess-mail.com"]
[Date "2015.03.19"]
[Round "1"]
[White "Cristero"]
[Black "Abuelo"]
[WhiteElo "2160"]
[BlackElo "2100"]
[Result "1/2-1/2"]
[Round "1"]
1.Ng1f3 Nb8c6
2.d4 d5
3.g3 Bc8f5
4.Bf1g2 e6
5.O-O Bf8d6
6.Bc1f4 Bd6xf4
7.gxf4 Bf5e4
8.Nb1d2 Ng8f6
9.c3 O-O
10.Nd2xe4 Nf6xe4
11.Nf3e5 Nc6xe5
12.fxe5 Qd8h4
13.e3 h6
14.f3 Ne4g5
15.f4 Ng5h7
16.Qd1e1 Qh4xe1
17.Ra1xe1 c6
18.e4 Rf8e8
19.f5 { draw }
1/2-1/2

[Event "Tourn. n8109"]
[Site "www.chess-mail.com"]
[Date "2015.03.19"]
[Round "1"]
[White "Oxycontin"]
[Black "Ruko"]
[WhiteElo "2060"]
[BlackElo "1850"]
[Result "0-1"]
[Round "1"]
1.Ng1f3 d5
2.c4 Ng8f6
3.cxd5 Nf6xd5
4.d4 e6
5.e4 Nd5f6
6.Nb1c3 Bf8b4
7.Bf1d3 Nb8c6
8.O-O O-O
9.e5 Nf6d5
10.Nf3g5 h6
11.Nc3xd5 Qd8xd5
12.Ng5h7 Rf8d8
13.Bc1xh6 Qd5xd4
14.Qd1h5 Qd4xe5
{ resign }
0-1

[Event "Tourn. n8125"]
[Site "www.chess-mail.com"]
[Date "2015.03.19"]
[Round "1"]
[White "Averoes"]
[Black "Cristero"]
[WhiteElo "2160"]
[BlackElo "2170"]
[Result "1/2-1/2"]
[Round "1"]
1.d4 d5
2.c4 e6
3.Ng1f3 Ng8f6
4.g3 dxc4
5.Bf1g2 a6
6.a4 Nb8c6
7.O-O Ra8b8
8.Bc1e3 Bf8e7
9.Nb1a3 b5
10.axb5 axb5
11.Qd1c1 O-O
12.Rf1d1 Nf6d5
13.Be3d2 Be7f6
14.Na3c2 Bc8b7
15.e4 Nd5b6
16.Bd2e3 Bf6e7
17.Nf3g5 h6
18.d5 exd5
19.exd5 Nc6e5
20.Be3xb6 cxb6
21.Ng5h3 Ne5d3
22.Rd1xd3 cxd3
23.Nc2e3 Be7f6
24.Ra1a3 Rb8c8
25.Qc1b1 Qd8c7
26.Qb1xd3 Qc7c1
27.Bg2f1 Bf6xb2
28.Ra3b3 Rc8c3
29.Qd3xb5 Bb7c8
30.Nh3f4 Rc3xb3
31.Qb5xb3 Bb2d4
32.Nf4d3 Qc1a1
33.Ne3c2 Qa1c3
34.Nc2xd4 Qc3xd4
35.Nd3b4 Qd4a1
36.Nb4c2 Qa1d1
{ draw }
1/2-1/2

[Event "Tourn. n7664"]
[Site "www.chess-mail.com"]
[Date "2015.03.19"]
[Round "1"]
[White "Szustan"]
[Black "Numanoid"]
[WhiteElo "2570"]
[BlackElo "2440"]
[Result "1-0"]
[Round "1"]
1.e4 d6
2.d4 Ng8f6
3.Nb1c3 g6
4.f4 Bf8g7
5.Ng1f3 c5
6.Bf1b5 Bc8d7
7.e5 Nf6g4
8.e6 Bd7xb5
9.exf7 Kf8
10.Nc3xb5 Qd8a5
11.Nb5c3 cxd4
12.Nf3xd4 Kxf7
13.Nd4f3 Nb8c6
14.Bc1d2 Qa5f5
15.O-O Bg7d4
16.Nf3xd4 Nc6xd4
17.h3 Ng4f6
18.Ra1c1 Nd4c6
19.g4 Qf5c5
20.Kh2 Rh8f8
21.Qd1e2 Ra8c8
22.Rc1e1 Kg7
23.a3 a6
24.Nc3a4 Qc5a7
25.Bd2e3 Qa7b8
26.Na4b6 Rc8d8
27.c4 d5
28.g5 Nf6h5
29.cxd5 Rf8xf4
30.Be3xf4 Nh5xf4
31.Rf1xf4 Qb8xf4
32.Kh1 Qf4f5
33.Qe2e3 Rd8xd5
34.Nb6xd5 Qf5xd5
35.Kh2 Kf7
36.Re1e2 Qd5d6
37.Qe3g3 Qd6d5
38.Qg3f4 Ke8
39.Re2d2 Qd5e6
40.Kg3 Nc6d8
41.h4 Qe6e1
42.Kg2 Qe1e6
43.Qf4f3 Nd8c6
44.Qf3e2 Qe6xe2
45.Rd2xe2 Nc6d4
46.Re2d2 Nd4f5
47.Kf3 Nf5d6
48.Rd2c2 Kd7
49.h5 Nd6f7
50.Kf4 Ke8
51.hxg6 hxg6
52.Rc2c8 Nf7d8
53.b4 Kd7
54.Rc8c2 Nd8e6
55.Kg4 Ne6d8
56.Rc2h2 Nd8f7
57.Rh2h6 Nf7e5
58.Kf4 Ke6
59.Rh6h8 Ne5c6
60.Rh8c8 { resign }
1-0

[Event "Tourn. n8125"]
[Site "www.chess-mail.com"]
[Date "2015.03.19"]
[Round "1"]
[White "Cristero"]
[Black "Difficult"]
[WhiteElo "2170"]
[BlackElo "2170"]
[Result "1/2-1/2"]
[Round "1"]
1.e4 c5
2.Nb1c3 Nb8c6
3.f4 d6
4.Ng1f3 e6
5.Bf1e2 Ng8f6
6.O-O Bf8e7
7.d3 O-O
8.b3 d5
9.Bc1b2 d4
10.Nc3b1 Qd8c7
11.Nb1d2 { draw }
1/2-1/2

[Event "Tourn. n8046"]
[Site "www.chess-mail.com"]
[Date "2015.03.19"]
[Round "1"]
[White "Colchester"]
[Black "Amaya"]
[WhiteElo "1870"]
[BlackElo "1870"]
[Result "1-0"]
[Round "1"]
1.d4 d5
2.Ng1f3 Bc8g4
3.Nf3e5 Ng8f6
4.Ne5xg4 Nf6xg4
5.e4 Ng4f6
6.e5 Nf6d7
7.f4 e6
8.Bc1e3 Bf8e7
9.Be3f2 O-O
10.Nb1d2 c5
11.Nd2f3 Nb8c6
12.Qd1d2 c4
13.c3 Rf8e8
14.Bf1e2 Nd7f8
15.O-O b5
16.a4 b4
17.g4 h6
18.h3 Nf8g6
19.Bf2g3 bxc3
20.bxc3 Nc6a5
21.f5 exf5
22.gxf5 Ng6h4
23.Nf3xh4 Be7xh4
24.Qd2f4 Bh4xg3
25.Qf4xg3 Na5b3
26.f6 g6
27.Be2h5 Kh7
28.Bh5xg6 fxg6
29.f7 Re8f8
30.Rf1f6 g5
31.Ra1f1 Nb3d2
32.Qg3g4 Nd2xf1
33.Qg4f5 Kg7
34.Qf5g6 Kh8
35.Qg6xh6 { resign }
1-0

[Event "Tourn. n7982"]
[Site "www.chess-mail.com"]
[Date "2015.03.19"]
[Round "1"]
[White "Hansen"]
[Black "Spitzer"]
[WhiteElo "1470"]
[BlackElo "1580"]
[Result "0-1"]
[Round "1"]
1.c4 Ng8f6
2.g3 e5
3.Ng1f3 d5
4.Nf3xe5 Qd8e7
5.f4 g6
6.h4 h5
7.e3 Bc8e6
8.Qd1b3 b6
9.Qb3b5 Nb8d7
10.Ne5c6 Qe7c5
11.Nc6e5 Qc5xb5
12.cxb5 Nd7xe5
13.fxe5 Nf6e4
14.Rh1g1 O-O-O
15.d3 Ne4c5
16.d4 Nc5d7
17.Nb1c3 f5
18.Nc3e2 Bf8e7
19.Ne2f4 Be7b4
20.Kf2 Nd7f8
21.a3 Bb4e7
22.a4 Be6f7
23.a5 Kb8
24.e6 Nf8xe6
25.Ra1a3 Rd8d6
26.axb6 cxb6
27.Bf1d3 Ne6g7
28.b4 Rh8c8
29.Bc1b2 Ng7e6
30.Nf4e2 g5
31.Bd3xf5 Rc8f8
32.hxg5 Ne6xg5
33.Rg1g2 Ng5e6
34.Ra3c3 Bf7e8
35.g4 Ne6g7
36.Ne2g3 hxg4
37.Rc3c8 Kb7
38.Rg2g1 Be7d8
39.Rg1h1 Ng7xf5
40.Rc8c3 Nf5xd4
41.Kg1 Nd4f3
42.Kg2 Be8xb5
43.Rh1h7 Bb5d7
44.Rc3d3 Kb8
45.Ng3h5 Nf3e1
46.Kg3 Rf8f3
47.Kh2 Ne1xd3
48.Rh7g7 g3
49.Kg2 Nd3e1
50.Kg1 g2
51.Nh5g3 Bd7b5
52.Bb2c3 Rf3xe3
53.Rg7f7 Re3xc3
54.Rf7f2 Rc3xg3
{ resign }
0-1

[Event "Tourn. n8007"]
[Site "www.chess-mail.com"]
[Date "2015.03.19"]
[Round "1"]
[White "Difficult"]
[Black "Hundegana"]
[WhiteElo "1990"]
[BlackElo "1920"]
[Result "0-1"]
[Round "1"]
1.c4 c5
2.Nb1c3 Nb8c6
3.Ng1f3 Ng8f6
4.d4 b6
5.d5 Nc6a5
6.e4 d6
7.h3 Bc8d7
8.Bf1d3 e5
9.O-O h6
10.a3 a6
11.b4 Na5b7
12.Bc1b2 Bf8e7
13.Qd1d2 Qd8c7
14.Ra1c1 Nf6h7
15.Rf1e1 O-O-O
16.Rc1d1 Nh7g5
17.Bd3e2 Kb8
18.Rd1b1 Ka7
19.Qd2c2 Qc7c8
20.Nf3xg5 hxg5
21.Qc2b3 Bd7xh3
22.bxc5 Nb7xc5
23.Qb3b4 Bh3d7
24.Bb2c1 Qc8c7
25.g3 Rd8b8
26.a4 a5
27.Nc3b5 Bd7xb5
28.Qb4xb5 Nc5xe4
29.Bc1e3 Ne4c5
30.Be3d2 f6
31.Be2f3 Qc7d7
32.Qb5xd7 Nc5xd7
33.Bd2e3 Be7d8
34.Kg2 f5
35.Be3d2 g4
36.Bf3e2 Nd7c5
37.Bd2e3 Nc5xa4
38.Rb1c1 g6
39.Re1h1 Bd8f6
40.Rh1xh8 Rb8xh8
41.Rc1a1 Na4c3
42.Be2d3 e4
43.Bd3c2 Kb7
44.Ra1a3 Bf6e5
45.Be3d2 Nc3e2
46.Ra3b3 f4
47.gxf4 Ne2xf4
48.Bd2xf4 Be5xf4
49.Bc2xe4 g5
{ resign }
0-1

[Event "Match"]
[Site "www.echecsemail.com"]
[Date "2015.03.19"]
[Round "1"]
[White "Korbacik"]
[Black "Attatroll"]
[WhiteElo "1809"]
[BlackElo "1950"]
[Result "1/2-1/2"]
[Round "1"]
1.e4 d6
2.d4 Ng8f6
3.Nb1c3 g6
4.f4 Bf8g7
5.Ng1f3 c5
6.Bf1b5 Bc8d7
7.Bb5xd7 Nb8xd7
8.d5 O-O
9.O-O Qd8b6
10.Kh1 e5
11.fxe5 Nd7xe5
12.Nf3xe5 dxe5
13.b3 Qb6b4
14.Qd1f3 b5
15.Bc1g5 Nf6h5
16.Bg5e7 Nh5f4
17.Be7xf8 Ra8xf8
18.a3 Qb4a5
19.b4 cxb4
20.axb4 Qa5xb4
21.Rf1b1 Qb4d6
22.Nc3xb5 Qd6c5
23.Nb5xa7 Qc5xc2
24.Rb1c1 Qc2d2
25.Rc1d1 Qd2b2
26.Ra1b1 Qb2a2
27.Na7c6 Rf8a8
28.d6 Qa2e6
29.d7 Qe6xc6
30.d8Q Ra8xd8
31.Rd1xd8 Bg7f8
32.Qf3a3 Nf4e6
33.Rd8xf8 Ne6xf8
34.Rb1b8 Kg7
35.Qa3xf8 Kf6
36.Qf8h8 Kg5
37.Qh8xe5 Kh6
38.h4 Qc6c1
39.Kh2 Qc1e1
40.Rb8g8 Qe1xh4
41.Kg1 Qh4e1
{ draw }
1/2-1/2

[Event "Match"]
[Site "www.echecsemail.com"]
[Date "2015.03.19"]
[Round "1"]
[White "Kesalon"]
[Black "Bbking"]
[WhiteElo "1830"]
[BlackElo "1580"]
[Result "1-0"]
[Round "1"]
1.e4 e5
2.Ng1f3 Nb8c6
3.Bf1c4 Bf8c5
4.Nb1c3 Ng8f6
5.d3 d6
6.h3 Bc8e6
7.Bc4b3 O-O
8.Bc1g5 h6
9.Bg5h4 Be6xb3
10.axb3 a5
11.Nc3d5 Nc6b4
12.Nd5xf6 gxf6
13.c3 Nb4c6
14.O-O b5
15.Qd1d2 Kh7
16.d4 exd4
17.cxd4 Bc5b6
18.Qd2c2 Nc6b4
19.Qc2c3 c5
20.dxc5 dxc5
21.Bh4xf6 Qd8d3
22.e5 Qd3xc3
23.bxc3 Nb4c2
24.Ra1a2 Bb6d8
25.Ra2xc2 Bd8xf6
26.exf6 a4
27.bxa4 Ra8xa4
28.Rf1b1 b4
29.cxb4 cxb4
30.Rc2b2 Rf8b8
31.Nf3d4 Kg6
32.Nd4c6 Rb8b6
33.Rb2xb4 Ra4xb4
34.Nc6xb4 Rb6xf6
35.Rb1e1 h5
36.Re1e5 Rf6b6
37.Nb4d5 Rb6b1
38.Kh2 Rb1d1
39.Nd5f4 { resign }
1-0

[Event "Match"]
[Site "www.echecsemail.com"]
[Date "2015.03.19"]
[Round "1"]
[White "F14"]
[Black "Susov"]
[WhiteElo "1799"]
[BlackElo "1810"]
[Result "1-0"]
[Round "1"]
1.e4 e5
2.Ng1f3 Nb8c6
3.Bf1b5 d6
4.O-O Ng8f6
5.Rf1e1 Bc8d7
6.c3 Nc6a5
7.Bb5f1 Bd7g4
8.h3 Bg4h5
9.d3 d5
10.Bc1g5 dxe4
11.Bg5xf6 Qd8xf6
12.Re1xe4 Bh5xf3
13.Qd1xf3 Qf6xf3
14.gxf3 Bf8d6
15.d4 O-O-O
16.dxe5 Bd6c5
17.b4 Bc5xf2
18.Kxf2 Na5c6
19.Nb1a3 Rh8e8
20.Ra1e1 Rd8d2
21.Re1e2 Rd2d3
22.Na3b1 f5
23.Re4e3 Rd3d1
24.Re2e1 Rd1d5
25.e6 g5
26.Bf1c4 Rd5d8
27.e7 Rd8d6
28.Bc4f7 f4
29.Bf7xe8 { resign }
1-0

[Event "Match"]
[Site "www.echecsemail.com"]
[Date "2015.03.19"]
[Round "1"]
[White "Tbsundar"]
[Black "Cardiff"]
[WhiteElo "2070"]
[BlackElo "1950"]
[Result "0-1"]
[Round "1"]
1.d4 Ng8f6
2.c4 e6
3.Ng1f3 c5
4.e3 d5
5.Nb1d2 Nb8c6
6.b3 Bf8e7
7.Bc1b2 O-O
8.Bf1d3 b6
9.O-O Bc8b7
10.Rf1e1 Nc6b4
11.Bd3b1 cxd4
12.exd4 dxc4
13.bxc4 Nb4c6
14.Nd2e4 Nf6xe4
15.Bb1xe4 Be7f6
16.Be4xc6 Bb7xc6
17.Nf3e5 Bf6xe5
18.Re1xe5 Qd8c7
19.Qd1e2 Rf8d8
20.Ra1c1 Bc6b7
21.d5 exd5
22.cxd5 Qc7d6
23.Qe2g4 g6
24.Qg4d4 f6
25.Re5g5 Ra8c8
26.Rc1d1 Rc8c2
27.Qd4xf6 Qd6xf6
28.Bb2xf6 Rd8xd5
29.Rg5xd5 Bb7xd5
30.a3 Bd5e6
 { time }
0-1

[Event "Match"]
[Site "www.echecsemail.com"]
[Date "2015.03.19"]
[Round "1"]
[White "Wagner"]
[Black "Drigg"]
[WhiteElo "1620"]
[BlackElo "1499"]
[Result "1-0"]
[Round "1"]
1.Ng1f3 Ng8f6
2.d3 Nb8c6
3.a3 b5
4.c3 Ra8b8
5.b4 h6
6.h3 g5
7.g4 h5
8.Qd1b3 d6
9.Nf3xg5 Rh8h7
10.gxh5 Rh7xh5
11.Ng5xf7 Bc8e6
12.Qb3xe6 Qd8c8
13.Nf7xd6 cxd6
14.Qe6e3  { time }
1-0

[Event "Match"]
[Site "www.echecsemail.com"]
[Date "2015.03.19"]
[Round "1"]
[White "Dominiquer"]
[Black "Fred"]
[WhiteElo "1790"]
[BlackElo "2050"]
[Result "1-0"]
[Round "1"]
1.e4 e5
2.Ng1f3 Nb8c6
3.Bf1c4 Bf8c5
4.b4 Bc5xb4
5.c3 Bb4c5
6.d4 exd4
7.cxd4 Bc5b6
8.O-O h6
9.d5 Nc6e7
10.Nb1c3 d6
11.Bc1b2 Bc8g4
12.Qd1a4 Bg4d7
13.Qa4d1 Ng8f6
14.Nc3b5 O-O
15.Bb2xf6 gxf6
16.Nb5d4 Bd7g4
17.Qd1d2 Ne7g6
18.Qd2xh6 Bg4xf3
19.Nd4xf3 Qd8e7
20.Rf1e1 Ra8e8
21.Ra1d1 Ng6e5
22.Nf3d4 Bb6xd4
23.Rd1xd4 Ne5g6
24.Re1e3 Qe7e5
25.Re3h3 Qe5xd4
26.Qh6h7 
1-0

[Event "Match"]
[Site "www.echecsemail.com"]
[Date "2015.03.19"]
[Round "1"]
[White "Arnpriorite"]
[Black "Silent1"]
[WhiteElo "2190"]
[BlackElo "1950"]
[Result "1-0"]
[Round "1"]
1.f4 c5
2.b3 d5
3.Bc1b2 e6
4.Ng1f3 Nb8c6
5.e3 Ng8f6
6.Bf1e2 Bf8e7
7.O-O O-O
8.Nf3e5 a6
9.Nb1a3 b5
10.Ra1c1 Bc8b7
11.Na3b1 d4
12.exd4 cxd4
13.Be2d3 Be7c5
14.Qd1e2 b4
15.Rc1e1 Nc6e7
16.Kh1 Qd8d5
17.Bd3c4 Qd5d8
18.d3 Ne7d5
19.Nb1d2 Nd5b6
20.Nd2f3 Nb6xc4
21.Ne5xc4 Bb7xf3
22.Qe2xf3 Qd8d5
23.Re1e5 Qd5xf3
24.Rf1xf3 Ra8c8
25.f5 exf5
26.Re5xf5 Rf8e8
27.h3 Re8e1
28.Kh2 Bc5a7
29.Rf3f2 Rc8d8
30.Rf5g5 Ba7b8
31.g3 h6
32.Rg5f5 Rd8d5
33.Kg2 Rd5xf5
34.Rf2xf5 Re1e2
35.Rf5f2 Re2xf2
36.Kxf2 Bb8a7
37.Nc4e5 Ba7b6
38.Ne5c6 a5
39.Bb2xd4 Bb6xd4
40.Nc6xd4 Nf6d5
41.Nd4c6 Nd5c3
42.Nc6xa5 Nc3xa2
43.Na5c6 Kf8
44.Ke3 Ke8
45.Kd4 Kd7
46.Kc5 f6
47.Nc6xb4 Na2xb4
48.Kxb4 h5
49.Kc5 { resign }
1-0

[Event "Match"]
[Site "www.echecsemail.com"]
[Date "2015.03.19"]
[Round "1"]
[White "Harrytheking"]
[Black "F14"]
[WhiteElo "1680"]
[BlackElo "1860"]
[Result "0-1"]
[Round "1"]
1.c4 c5
2.Nb1c3 Nb8c6
3.e3 Ng8f6
4.h3 e6
5.a3 d5
6.Ng1f3 Bf8e7
7.Bf1e2 O-O
8.b3 d4
9.exd4 cxd4
10.Nc3a2 d3
11.Be2f1 e5
12.Bc1b2 e4
13.Nf3e5 Nc6xe5
14.Na2c3 Be7c5
15.Nc3d5 Nf6xd5
16.Bb2xe5 f6
17.Be5h2 Nd5e7
18.Bh2g3 Ne7f5
19.Qd1g4 Nf5d4
20.Qg4d1 Bc8e6
21.b4 Bc5d6
22.Bg3xd6 Nd4c2
23.Qd1xc2 dxc2
24.Bd6xf8 Kxf8
25.Bf1e2 Qd8d4
26.Ra1c1 Qd4b2
27.Rc1d1 cxd1Q
28.Be2xd1 Be6xc4
29.h4 Qb2xa3
30.Rh1h3 Qa3xb4
{ resign }
0-1